00343nam a22001217a 4500003000400000082001600004100001700020245011800037260003500155300000700190650001600197653000800213SGT a617.3bF21A aARORA, JATIN aFunctional outcome of Initial Dynamization & early wieght Bearing of Tibia Fractures managed by Interlocking Nail aGURUGRAMbSGT UNIVERSITYc2021 a93 aORTHOPEDICS aM.S